British Cities - Sudden Death - Statistics

General Stats
  • This quiz has been taken 129 times
  • The average score is 9 of 16
Answers on the Grid
Answers color-coded by a green-red scale on the quiz's grid according to % correct below.
Forster
York
Newfound Land
London
Nottingham
West Hampton
Donegal
Edinburgh
Stoke
Crone
Bournemouth
Winton
Sarve
Belfast
Salford
Milton-Keynes
Chesterford
Lodtown
Brigham
Youngville
Cardiff
Norwich
Ankara
Dublin
Jersington
Oxford
Doncaster
Reading
Aberdeen
Saturmart
Songford
Derby
 
Answer Stats
Answer % Correct
York
90%
London
87%
Nottingham
80%
Edinburgh
70%
Belfast
67%
Oxford
67%
Aberdeen
60%
Norwich
60%
Cardiff
57%
Reading
47%
Stoke
47%
Derby
43%
Doncaster
40%
Bournemouth
37%
Salford
37%
Milton-Keynes
33%
No matching quizzes found
Score Distribution
Percent of People with Each Score
Percentile by Number Answered
Your Score History
You have not taken this quiz